[Event "KEN-ch"]
[Site "Nairobi"]
[Date "2021.12.27"]
[Round "3"]
[White "Omondi, Morrel"]
[Black "Ndegwa, Jackson Kamau"]
[Result "0-1"]
[WhiteElo "1521"]
[BlackElo "1910"]
[PlyCount "63"]
[EventDate "2021.12.26"]
[EventType "swiss"]
[EventRounds "9"]
[EventCountry "KEN"]
[SourceTitle "EXT 2023"]
[Source "ChessBase"]
[SourceDate "2022.10.05"]
[SourceVersion "1"]
[SourceVersionDate "2022.10.05"]
[SourceQuality "1"]

1. d4 d5 2. e3 c5 3. c3 Nc6 4. f4 Bf5 5. Nf3 cxd4 6. exd4 Nf6 7. Bd3 Ne4 8. 0-0 e6 9. Be3 Bd6 10. Qc2 Rc8 11. Qd1 Qb6 12. Qb3 Qc7 13. Ne5 f6 14. Nxc6 bxc6 15. Qc2 c5 16. Nd2 cxd4 17. Bxd4 Bxf4 18. Nxe4 dxe4 19. Bxe4 Bxh2+ 20. Kh1 Bg4 21. Bf3 h5 22. Qg6+ Kf8 23. Bxf6 Bf4 24. Be4 e5 25. g3 Rh6 26. Bxg7+ Qxg7 27. Qxg7+ Kxg7 28. Rxf4 Rc4 29. Raf1 Rb6 30. Rf7+ Kh6 31. Bd5 Rc5 32. Bb3 0-1

[Event "KEN-ch"]
[Site "Nairobi"]
[Date "2021.12.26"]
[Round "2"]
[White "Omondi, Morrel"]
[Black "Chege, Kairu"]
[Result "0-1"]
[WhiteElo "1521"]
[BlackElo "1778"]
[PlyCount "86"]
[EventDate "2021.12.26"]
[EventType "swiss"]
[EventRounds "9"]
[EventCountry "KEN"]
[SourceTitle "EXT 2023"]
[Source "ChessBase"]
[SourceDate "2022.10.05"]
[SourceVersion "1"]
[SourceVersionDate "2022.10.05"]
[SourceQuality "1"]

1. d4 e6 2. e3 Nf6 3. Bd3 c5 4. c3 Nc6 5. f4 b6 6. Nf3 Bb7 7. 0-0 Be7 8. Nbd2 Qc7 9. Ne5 d6 10. Ng4 g5 11. Ne4 Nxe4 12. Bxe4 f5 13. Bxc6+ Qxc6 14. d5 exd5 15. Nh6 gxf4 16. Qh5+ Kd7 17. Qxf5+ Kc7 18. Qe6 Rae8 19. Rxf4 Bg5 20. Rf7+ Kb8 21. Qh3 d4 22. e4 Bxc1 23. Rxc1 dxc3 24. bxc3 Rxe4 25. Qf3 Rhe8 26. Rf1 Re2 27. Qxc6 Bxc6 28. R7f2 R2e6 29. Rf6 Bb5 30. Rxe6 Rxe6 31. Rf8+ Re8 32. Rxe8+ Bxe8 33. Kf2 Kc7 34. Ke3 Kc6 35. c4 d5 36. cxd5+ Kxd5 37. Nf5 Bg6 38. Ne7+ Kd6 39. Nc8+ Kc7 40. Nxa7 Be8 41. a4 Kb7 42. Nb5 Bxb5 43. h4 Bd7 0-1

[Event "KEN-chT"]
[Site "Nairobi"]
[Date "2017.02.12"]
[Round "1.1"]
[White "Omondi, Morrel"]
[Black "Maigua, Joseph Ngooro"]
[Result "0-1"]
[WhiteElo "1578"]
[BlackElo "1804"]
[PlyCount "39"]
[EventDate "2017.02.12"]
[EventType "team-tourn"]
[EventRounds "19"]
[EventCountry "KEN"]
[SourceTitle "EXT 2019"]
[Source "ChessBase"]
[SourceDate "2018.10.10"]
[SourceVersion "1"]
[SourceVersionDate "2018.10.10"]
[SourceQuality "1"]
[WhiteTeam "Nairobi Univ"]
[BlackTeam "Checkmates"]
[WhiteTeamCountry "KEN"]
[BlackTeamCountry "KEN"]

1. e4 c5 2. f4 d5 3. e5 Bf5 4. Nf3 e6 5. Bb5+ Nc6 6. 0-0 a6 7. Bxc6+ bxc6 8. c3 Bd3 9. Re1 Nh6 10. Ng5 Be7 11. Nf3 Qb6 12. Qb3 Qa7 13. Kh1 Ng4 14. h3 h5 15. a4 c4 16. Qa2 Qf2 17. Rg1 Be4 18. Nh2 Bc5 19. d4 cxd3 20. Nf3 0-1